00809nam a2200253 a 450000100060000000300090000600500170001500600090003200800410004101500120008201700500009402000180014403500210016204000280018308000100021110000300022124500980025126000190034930000250036849000460039349000440043965000340048365000380051726408CO-ViMGA20230915223422.0a4451422141112s2004 ck r 000 u spa d aMON0906 aLE 117 - 2009 Oficina Depósito Legal León a9788444101576 a(OCoLC)733759840 aCO-ViMGAbspacCO-ViMGA a087.51 aLópez Gómez, Luisa M.10aEl rey León : baprendo con la S y la B / ctextos elaborados por Luisa M. López Gómez aEverest [2009] a31 p. il. col. 22 cm0 aAprendo con las vocales y los fonemas ; 80 aAprendo con las vocales y los fonemas 814aLibros y lectura para niños14aVocales - Enseñanza preescolar